| 000 | 00784nam a22002177a 4500 | ||
|---|---|---|---|
| 999 |
_c19474 _d19474 |
||
| 003 | AR-CdUCM | ||
| 008 | 190517b ||||| |||| 00| 0 spa d | ||
| 040 |
_aMUNICIPALIDAD PROVINCIAL DEL CUSCO _cBIBLIOTECA MUNICIPAL DEL CUSCO |
||
| 082 |
_23ed. _a339.3 / _bH48 |
||
| 100 |
_aHicks, J. R. _937230 |
||
| 245 |
_aEstructura de la economía : _bintroducción al estudio del ingreso nacional / |
||
| 260 |
_aMéxico : _bFondo de Cultura Económica, _c1961. |
||
| 300 |
_a282 páginas ; _c22 cm. |
||
| 505 | _aContenido: El proceso productivo -- El trabajo -- Los factores de la producción ... | ||
| 650 |
_aEconomía _9382 |
||
| 650 |
_aTeoría económica _94478 |
||
| 650 |
_aRenta nacional _94144 |
||
| 700 |
_aHart, A. G. _940820 |
||
| 942 |
_2ddc _cLIBROS |
||
| 945 |
_aacv _d2019-05-17 |
||